Explorando la naturaleza: (Registro nro. 17896)
[ vista simple ]
| 000 -CABECERA | |
|---|---|
| Campo de control | 00981nam a22002297a 4500 |
| 005 - FECHA Y HORA DE LA ULTIMA TRANSACCION | |
| Campo de control | 20151130031816.0 |
| 008 - ELEMENTOS DE LONGITUD FIJA—INFORMACION GENERAL | |
| Campo de control | 151130b2014 ck ||||gr|||| 00| 0 spa d |
| 040 ## - FUENTE DE CATALOGACIÓN | |
| Agencia catalogadora original | CO-BoIAVH |
| Agencia transcriptora | CO-BoIAVH |
| 041 0# - IDIOMA | |
| Código de idioma para texto/pista de sonido o título separado | Español |
| 044 ## - PAÍS DE PUBLICACIÓN | |
| País de publicación | Colombia |
| 090 ## - CLASIFICACIÓN LOCAL | |
| Colección | EA- |
| Consecutivo | 323 |
| 245 10 - MENCION DE TITULO | |
| Título | Explorando la naturaleza: |
| Parte restante del título | humedales de alta montaña tropical / |
| Mención de responsabilidad | Editores Zully V. Ojeda Bautista y Yimy Herrera Martínez |
| 260 3# - PUBLICACION, DISTRIBUCION, ETC. (PIE DE IMPRENTA) | |
| Lugar de publicación, distribución, etc. | Bogotá? (Colombia) : |
| Nombre del editor, distribuidor, etc. | Ecopetrol : |
| -- | UPTC : |
| -- | Neotropical, |
| Fecha de publicación, distribución, etc. | 2014. |
| 300 ## - DESCRIPCION FISICA | |
| Extensión | 19 páginas : |
| Otros detalles físicos | ilustraciones, fotografías a color ; |
| Dimensiones | 24 x 17 cm. |
| 650 #6 - ASIENTO SECUNDARIO DE MATERIA - TERMINO TEMATICO | |
| Término temático o nombre geográfico como elemento de entrada | Humedales |
| Subdivisión general | Educación ambiental |
| Subdivisión geográfica | Colombia |
| 9 (RLIN) | 43598 |
| 650 #6 - ASIENTO SECUNDARIO DE MATERIA - TERMINO TEMATICO | |
| Término temático o nombre geográfico como elemento de entrada | Humedales |
| Subdivisión general | Conservación |
| -- | Educación Ambiental |
| Subdivisión geográfica | Colombia |
| 9 (RLIN) | 43599 |
| 650 #6 - ASIENTO SECUNDARIO DE MATERIA - TERMINO TEMATICO | |
| Término temático o nombre geográfico como elemento de entrada | Humedales |
| Subdivisión general | Animales |
| -- | Educación Ambiental |
| Subdivisión geográfica | Colombia |
| 9 (RLIN) | 43600 |
| 650 #6 - ASIENTO SECUNDARIO DE MATERIA - TERMINO TEMATICO | |
| Término temático o nombre geográfico como elemento de entrada | Humedales |
| Subdivisión general | Vegetación |
| -- | Educación Ambiental |
| Subdivisión geográfica | Colombia |
| 9 (RLIN) | 43601 |
| 700 1# - ASIENTO SECUNDARIO - NOMBRE PERSONAL | |
| Nombre personal | Herrera Martínez, Yimy |
| Término de relación | Editor |
| 9 (RLIN) | 43602 |
| 700 1# - ASIENTO SECUNDARIO - NOMBRE PERSONAL | |
| Nombre personal | Ojeda Bautista, Zully V. |
| Término de relación | Editora |
| 9 (RLIN) | 43603 |
| 942 ## - ELEMENTOS ADICIONALES (KOHA) | |
| Sistema de clasificación | Local |
| Tipo de ítem | Folleto |
| Withdrawn status | Lost status | Sistema de Clasificación | Damaged status | No para préstamo | Colección | Inventariado | Ubicación Permanente | Ubicación actual | Fecha de adquisición | Total Checkouts | Número topográfico | Inventario / Código de Barras | Date last seen | Ejemplar | Price effective from | Forma de adquisición | Tipo de material |
|---|---|---|---|---|---|---|---|---|---|---|---|---|---|---|---|---|---|
| Local | Procesos Técnicos | Educación Ambiental | Inventariado 2017 | Sala Fabio Quevedo | Sala Fabio Quevedo | 30/11/2015 | EA-323 | 039505 | 30/11/2015 | Ej. 1 | 30/11/2015 | Folleto | |||||
| Local | Procesos Técnicos | Educación Ambiental | Inventariado 2017 | Sala Fabio Quevedo | Sala Fabio Quevedo | 30/11/2015 | EA-323 | 039506 | 30/11/2015 | Ej. 2 | 30/11/2015 | Folleto |